000 00590nam a22002057a 4500
003 Ost
005 20140310183131.0
008 130316t xxu||||| |||| 00| 0 eng d
020 _a9710626485
050 _aQC 21.2
_b.Se492 2012
082 _aM 530.22
_bS481 2012
245 _aPhysics :
_bfundamentals 1
_cSerway, Raymond A.; Vuille, Chris
260 _aPasig City, Philippines :
_bCengage Learning Asia Pte Ltd.,
_cc2012.
300 _a369 p.
_bill. ;
_c25 cm.
521 _aCollege Students
526 _c1210L-1700L
541 _j1
562 _e1
942 _2lcc
_cBK
_kFIL
999 _c19157
_d19157